Statistiken für Flaggen von Europa mit einem Kreuz

Klicken Sie hier um das Quiz zu spielen!

Allgemein

  • Dieses Quiz wurde 6.042 mal gespielt
    (5.797 seit der letzten Aktualisierung)
  • Das Durchschnittsergebnis liegt bei 7 aus 9

Antwortstatistiken

Land% Korrekt
Schweden
96%
Norwegen
95%
Finnland
93%
Dänemark
89%
Island
83%
Schweiz
80%
Vereinigtes Königreich
77%
Malta
58%
Griechenland
57%

Verteilung der Resultate

Perzentil nach korrekt beantworteten Fragen

Anzahl Personen mit jedem Resultat

Ihre Resultats-Entwicklung

Sie haben dieses Quiz seit der letzten Aktualisierung nicht gespielt